Tolkien: Human, Elf or Dwarf? Quiz Stats

 Plays Quiz Updated Feb 25, 2019

Score 0/30 Timer 06:00
0 Plays Today
Name H, E, or D? % Correct
Gimli???
87.9%
Arathorn???
84.1%
Gloin???
83.9%
Isildur???
78.3%
Bofur???
77.4%
Thorin???
77.1%
Durin???
77.1%
Celeborn???
76.7%
Bombur???
75.6%
Nori???
71.2%
Dain???
66.6%
Thranduil???
65.7%
Aredhel???
63.6%
Feanor???
60.1%
Hama???
59.9%
Name H, E, or D? % Correct
Maedhros???
59.5%
Thingol???
45.6%
Celebrimbor???
45.5%
Haleth???
45.2%
Finarfin???
44.1%
Aldor???
41.8%
Imrahil???
41.4%
Grimbold???
39.5%
Cirdan???
39.2%
Androg???
37.9%
Morwen???
35.6%
Azaghal???
30.6%
Mardil???
28.3%
Gil-galad???
25.3%
Telchar???
16.5%

You're not logged in!

Compare scores with friends on all Sporcle quizzes.
OR
Log In

Show Comments

Extras

Top Quizzes Today


Score Distribution

Your Account Isn't Verified!

In order to create a playlist on Sporcle, you need to verify the email address you used during registration. Go to your Sporcle Settings to finish the process.

Report this User

Report this user for behavior that violates our Community Guidelines.

Details: